MDQL
is popping MORE tags! Check the
thread
!
Quizzes
Events
Quiz Creation
Community
Videos
Private Events
Remove Ads
Sign In
Join for FREE
Feedback
Dark Mode
Quiz Categories
Sports
Geography
Music
Movies
Television
Just For Fun
Miscellaneous
History
Literature
Language
Science
Gaming
Entertainment
Religion
Holiday
For Kids
Quiz Lab
Recent
Popular Today
Quiz Kudos Today
Editor Picks
Curator Picks
Quizzes by...
Day
Popularity
Type
Ratings
Length
Year
Community
Subscriptions
Recent Discussions
Orange Saloon
Badges
Playlists
Quests
Create
Leaderboards
Showdown
Live 5
Trivia Bingo
Activity
Puzzle Library
Sporcle Events
Private Events
Virtual Trivia
Globe League
Become a Host
Pub Owners
SporcleCon
Opinionation
Our Games
Videos
Blog
Mobile Apps
Partnerships
Remove Ads and Go Orange
Feedback
Music
Pop Music
The Beatles
Song
Album
Lyrics
Bands
Singers
Artist
Clip
Rock
Rap
Classical
Billboard
Country Music
Kpop
Taylor Swift
Music
Pop Music
The Beatles
Song
Album
Lyrics
Bands
Singers
Artist
Clip
Rock
Rap
Classical
Billboard
Country Music
Kpop
Taylor Swift
Random Quiz
Search Sporcle
×
Quiz Lab
Quiz Lab
Music
Pop Music
Type in answers that appear in a list
Type in answers that appear in a list
Classic
Best Score? Go Orange.
Weird Al Parodies Stats
Can you name the original song title based off its Weird Al Yankovic parody?
By
dkyguy1995
7m
30 Questions
137 Plays
137 Plays
137 Plays
Comments
Comments
Give Quiz Kudos
Give Quiz Kudos
-
- Ratings
hide this ad
Random Order
Randomize order of answers
Randomize order of answers
Replay
Link that replays current quiz
Next Quiz
Link to next quiz in quiz playlist
You Got
0%
They Got
Avg Score
62%
Avg Friend Score
Upgrade to see
Score Distribution
Jump to the score distribution portion of the page
Score
0/30
Timer
07:00
0
Plays Today
Parody Title
Song Title
% Correct
Eat It
Beat It
90.4%
Another One Rides the Bus
Another One Bites the Dust
85.9%
Girls Just Want to Have Lunch
Girls Just Want To Have Fun
85.2%
Party in the CIA
Party in the USA
84.4%
I Love Rocky Road
I Love Rock and Roll
83.7%
Like a Surgeon
Like a Virgin
83.7%
Fat
Bad
83%
The Saga Begins
American Pie
81.5%
Canadian Idiot
American Idiot
80%
Addicted to Spuds
Addicted to Love
75.6%
Yoda
Lola
74.1%
Pretty Fly For a Rabbi
Pretty Fly (For a White Guy)
74.1%
Amish Paradise
Gangsta's Paradise
71.9%
My Bologna
My Sharona
71.9%
Ricky
Mickey
68.1%
Parody Title
Song Title
% Correct
I Can't Watch This
U Can't Touch This
63%
White and Nerdy
Ridin'
62.2%
Livin' in the Fridge
Livin' on the Edge
62.2%
eBay
I Want It That Way
61.5%
Trapped in the Drive Thru
Trapped in the Closet
57.8%
Gump
Lump
55.6%
Living With a Hernia
Living in America
52.6%
Jerry Springer
One Week
46.7%
Taco Grande
Rico Suave
43%
Grapefruit Diet
Zoot Suit Riot
43%
Spam
Stand
42.2%
Jurassic Park
MacArthur Park
34.1%
(This Song's Just) Six Words Long
Got My Mind Set on You
30.4%
TMZ
You Belong With Me
23%
Bob [Name One]
Subterranean Homesick Blues/Tombstone Blues
11.1%
Quiz Playlist
Details
Report
Send in Message
Add To Playlist
Classic:
Type in answers that appear in a list
Random Order:
Randomize order of answers
Last Updated: Feb 16, 2017
Quiz Scoreboard
CHALLENGE
Sign Up to Join the Scoreboard
Show All
Scores
Hide
Comments
May contain spoilers
Recently Published
1-10 Letter E Words III
by El_Dandy
Language
2m
Street Fighter Characters
by Artimus82
Gaming
60s
College Basketball Coaching Resumes
by pancakes188
Sports
9m
More to Explore
Quiz From the Vault
Featured Blog Post
Where Did the Easter Bunny Come From?
hide this ad
You Might Also Like...
Tags
Artist Quiz
Pop Music Quiz
Rock Quiz
Song Quiz
1980s
1990s
2000s
Modern
Parody
Weird Al Yankovic
Today's Top Quizzes in Music
Browse Music
hide this ad
Today's Top Quizzes in Pop Music
Browse Pop Music
Top Contributed Quizzes in Music
1
Taylor Swift All Songs (2024)
2
Taylor Swift Logic Puzzle
3
Guess the Artist- 70s Songs
4
7-to-1: Billboard Hot 100 #1 Hits of 2010s
5
Sorting Albums and Songs
6
Billboard Blitz: Aretha Franklin
7
KPOP LOGIC QUIZ
8
Guess the Taylor Swift song (Mystery Song)
9
Guess The Taylor Swift Lyrics Song #1
10
Billboard Blitz: ABBA
Explore More
Trending Topics
NBA
Anime
Harry Potter
Disney
Kpop
Crossword
Marvel
NFL
Puzzle
Soccer
Pokémon
The Office
WWE
Song
Country
hide this ad
More By:
dkyguy1995
Quiz
Plays
Rating
Category
Featured
Created
Weird Al Parodies
137
4.20
Music
May 31, 2012
Go to Creator's Profile
Score Distribution
Quiz Creator Spotlight
dkyguy1995
Follow
Send a Message
Quizzes Created
-
Created Quiz Play Count
-
More By This Creator
Popular Quizzes Today
1
Find the US States - No Outlines Minefield
2
Find the Countries of Europe - No Outlines Minefield
3
The Countries of the World
4
Find the US States
5
Risky Map Clicking: Biggest States A-Z
6
US States
7
Popular People in 1961
8
Movies - When Are They Set?
More Music Quizzes
Bands by Image Rhymes
Published
Trending Quizzes
Risky Map Clicking: Least Populous States A-Z
Billboard Blitz: Aretha Franklin
1-10 Letter G Words
Countries of the World: 200 Million BC
1-10 Letter F Words
Recently Updated
Leaping Animals
pecheneg
Reality TV Shows (A-Z)
bhenderson79
Rickey Henderson's Hall of Fame Teammates
pecheneg
Champions League XIs: Arsenal
pecheneg
Quick Pick: Celebrities in WWE's Hall of Fame
aduchscher
A-Z Keypad Blitz II
pecheneg
Multiple Oscar Actors
pecheneg
Mystery Phrase Blitz: Oscar 'Best Actors'
pecheneg
F. Scott Fitzgerald Novels
LTH
Pick 3 Villains
ddd62291
Trending Topics
Anime
Marvel
Harry Potter
Kpop
NBA
Crossword
Disney
Song
Puzzle
Soccer
NFL
Pokémon
Country
The Office
WWE
Your Account Isn't Verified!
In order to create a playlist on Sporcle, you need to verify the email address you used during registration. Go to your
Sporcle Settings
to finish the process.
Report this User
Report this user for behavior that violates our
Community Guidelines
.
Details:
Send Report
Go to the Sporcle.com Mobile Site →
Comments